000 01455cam a2200337 a 4500
001 EDZ0000018964
003 StDuBDS
005 20161031105121.0
006 m||||||||d||||||||
007 cr |||||||||||
008 110107s2006 cauabc fo 001|0|eng|d
020 _a9781412952453 (ebook) :
_cNo price
040 _aStDuBDS
_beng
_cStDuBDS
_epn
049 _aAlfaisal Main Library
050 4 _aGN11
082 0 4 _a301.03
_222
245 0 0 _aEncyclopedia of anthropology
_h[electronic resource] /
_cH. James Birx, editor.
260 _aThousand Oaks, Calif. ;
_aLondon :
_bSAGE,
_cc2006.
300 _a1 online resource (5 v. (li, 2373 p.)) :
_bill. (some col.), col. maps, ports. (some col.)
520 8 _aThis encyclopaedia focuses on topics in physical, cultural and applied anthropology, as well as in the applicable fields of archaeology and linguistics and contains over 1200 entries. Key themes include: biology; evolution; geology; philosophy theology; and theoretical frameworks.
521 _aSpecialized.
588 _aDescription based on print version record.
504 _aIncludes bibliographical references and index.
650 0 _aAnthropology
_vEncyclopedias.
655 7 _aElectronic books.
_2local
700 1 _aBirx, H. James.
710 2 _aSage eBooks
776 0 8 _iPrint version :
_z9780761930297
856 4 0 _uhttp://ezproxy.alfaisal.edu/login?url=http://sk.sagepub.com/reference/anthropology
942 _2lcc
_cEBOOKS
999 _c479641
_d479641